000 00788cam a22002651i 4500
001 5328
003 BD-RjUL
005 20211208234040.0
008 131224s1963 nyuaf b 001 0 eng d
035 _a(BD-RjUL)5364
035 _a(OCoLC)7077947
040 _aDLC
_cInAndC
_dNcRS
_dUk
_dOCoLC
_dDLC
_dBD-RjUL
_beng
041 _aeng
082 _a649.1
_bCHI 1963
110 2 _aUNICEF.
_916758
245 1 0 _aChildren of the developing countries;
_ba report /
_cby UNICEF.
260 _aNew York :
_bWorld publishing,
_c c1963.
300 _av, 131 p. :
_bill.[12] leaves of plates ;
_c24 cm.
504 _aBibliography: p. 125-127.
650 0 _aChild care.
_916750
651 0 _aDeveloping countries.
_916751
942 _2ddc
_cBK
999 _c5328
_d5328